Haz clic en la provincia española en un mapa sin fronteras - Estadísticas

Estadísticas generales
  • Esta prueba ha sido intentada 4.165 veces
  • La puntuación promedio es 32 de 50
Respuestas en el mapa
Las respuestas están codificadas por una escala verde-roja en el mapa de la prueba según el % correcto abajo.
 
Estadísticas de respuestas
Respuesta % Correcto
Illes Balears
76%
Asturias
72%
Cádiz
72%
Santa Cruz de Tenerife
72%
A Coruña
71%
Las Palmas
71%
Badajoz
70%
Barcelona
70%
Madrid
70%
Valencia
70%
Huelva
69%
Cáceres
68%
Girona
68%
Murcia
68%
Tarragona
68%
Almería
67%
Alacant / Alicante
66%
Lleida
66%
Sevilla
66%
Zaragoza
66%
Cantabria
65%
Castellón
65%
Huesca
65%
Lugo
65%
Málaga
64%
Ourense
64%
Toledo
64%
Granada
63%
León
63%
Navarra
63%
Pontevedra
62%
Zamora
62%
Albacete
61%
Ciudad Real
60%
Córdoba
60%
Teruel
60%
Bizkaia
59%
Cuenca
59%
Jaén
58%
Salamanca
58%
Burgos
57%
Guadalajara
55%
Palencia
55%
Gipuzkoa
53%
La Rioja
53%
Valladolid
53%
Araba / Álava
52%
Ávila
49%
Segovia
49%
Soria
48%
No se encontraron pruebas coincidentes
Distribución de puntuación
Porcentaje de gente con cada puntuación
Porcentaje por número respondido
Historial de tus puntuaciones
No has intentado esta prueba.